[Event "49th CHN-ch 2018"]
[Site "Xinghua"]
[Date "2018.04.19"]
[Round "2"]
[White "Fang, Yuxiang"]
[Black "Xu, Xiangyu"]
[Result "0-1"]
[WhiteElo "2502"]
[BlackElo "2574"]
[Annotator "TA"]
[PlyCount "56"]
[EventDate "2018.??.??"]
[EventCountry "CHN"]
[SourceTitle "playchess.com"]
[Source "ChessBase"]
[SourceQuality "1"]

{[%evp 19,56,34,37,30,22,0,30,25,47,79,52,0,0,0,0,0,0,0,0,0,0,-75,-77,-70,-70,-75,-37,-175,-168,-138,-151,-114,-52,-154,-51,-361,-362,-29984,-29985]} 1. Nf3 c5 2. c4 Nc6 3. Nc3 e5 {[%cal Be7e5,Be5e4][%mdl 32]} 4. e3 Nf6 5. d4 e4 6. d5 {A34: Symmetrical English: 2 Nc3, lines with ...d5} exf3 7. dxc6 fxg2 8. cxd7+ Bxd7 9. Bxg2 g6 10. b3 Bg7 {LiveBook: 4 Games} 11. Bb2 O-O 12. Qd2 Qe7 $146 ({Predecessor:} 12... Qc7 13. O-O-O {½-½ (47) Grischuk,A (2783)-Vachier Lagrave,M (2804) Tbilisi 2017}) 13. O-O-O Bc6 14. Bxc6 $1 bxc6 15. Qe2 (15. Qd6 $14 Qxd6 16. Rxd6) 15... Rad8 16. Rxd8 Rxd8 17. Rd1 h5 18. Rxd8+ Qxd8 19. Na4 Qd6 20. h3 (20. f3 $11) 20... Ne4 $17 21. Bxg7 Kxg7 22. f3 Ng5 (22... Ng3 $5 {[%cal Rg3e2]} 23. Qh2 h4 $15) 23. Qg2 ({Better is} 23. h4 $15 Ne6 24. f4) 23... Qe5 $19 24. Kd2 Qf5 25. f4 Ne4+ ({Black should play} 25... Nxh3 $17 26. Kc3 h4) 26. Ke1 {[#]} (26. Kc1 $15) 26... h4 $1 $17 {White must now prevent ...Ng3.} 27. Qf3 $2 {[%mdl 8192]} (27. Qc2 $1 $15) 27... Ng3 $19 28. Qxc6 $2 (28. Nc3 $19) 28... Qc2 {Precision: White = 26%, Black = 68%.} 0-1

[Event "49th CHN-ch 2018"]
[Site "Xinghua"]
[Date "2018.04.19"]
[Round "2"]
[White "Liu, Yan"]
[Black "Wang, Chen"]
[Result "1/2-1/2"]
[WhiteElo "2481"]
[BlackElo "2495"]
[Annotator "TA"]
[PlyCount "72"]
[EventDate "2018.??.??"]
[EventCountry "CHN"]
[SourceTitle "playchess.com"]
[Source "ChessBase"]
[SourceQuality "1"]

{[%evp 14,72,28,20,45,60,51,41,58,41,38,35,50,34,36,37,35,32,68,65,66,62,60,58,106,58,59,54,64,53,86,45,48,45,45,45,50,30,23,15,11,7,33,18,27,22,54,44,73,77,97,93,97,81,92,0,87,0,70,0,66]} 1. d4 d5 2. c4 e6 3. Nf3 Nf6 4. Nc3 Nbd7 5. Bf4 dxc4 6. e3 Bd6 7. Bxd6 cxd6 8. Bxc4 {LiveBook: 7 Games} d5 {D37: Queen's Gambit Declined: 5 Bf4} (8... Nb6 9. Bb3 Bd7 10. e4 Bc6 11. Qd3 Qe7 12. O-O O-O 13. d5 exd5 14. exd5 Bd7 15. Rfe1 Qd8 16. Nd4 {0-1 (41) Sarana,A (2562)-Sjugirov,S (2652) Taganrog 2018}) 9. Bd3 O-O 10. O-O b6 {White is slightly better.} 11. Qe2 $146 ({Predecessor:} 11. Qb3 Bb7 12. Rfc1 Qe7 13. a4 a6 14. Rc2 Rfc8 15. Rac1 Qd8 16. Nd2 {½-½ (16) Rezan,S (2430)-Petkov,V (2495) Mali Losinj 2017}) 11... Bb7 12. Rfc1 a6 13. Na4 Qb8 14. Rc2 Rc8 15. Rac1 g6 16. Rxc8+ Bxc8 17. Qc2 Bb7 18. Qc7 b5 19. Qxb8+ Rxb8 20. Nc5 Rc8 21. b4 Kf8 22. Rc2 Nxc5 23. bxc5 Nd7 24. Nd2 Nb8 25. Rb2 Nc6 26. a4 b4 27. Nb3 Rb8 28. f3 {[%cal Bf2f3,Bf3f4][%mdl 32]} Ke7 29. Kf2 f5 30. f4 Kf6 31. h4 Bc8 32. Rb1 h6 33. Rb2 Kg7 34. Rb1 Kf6 $1 35. Rb2 Kg7 $1 36. Rb1 Kf6 $1 {Precision: White = 51%, Black = 53%.} 1/2-1/2

[Event "49th CHN-ch 2018"]
[Site "Xinghua"]
[Date "2018.04.19"]
[Round "2"]
[White "Liu, Guanchu"]
[Black "Xu, Jun"]
[Result "1/2-1/2"]
[WhiteElo "2459"]
[BlackElo "2501"]
[Annotator "TA"]
[PlyCount "77"]
[EventDate "2018.??.??"]
[EventCountry "CHN"]
[SourceTitle "playchess.com"]
[Source "ChessBase"]
[SourceQuality "1"]

{[%evp 23,77,33,33,33,33,32,37,35,31,34,43,41,43,45,44,45,86,86,86,86,87,87,87,95,94,53,53,0,0,0,0,0,0,0,0,0,0,0,0,0,0,0,0,0,0,0,0,0,0,0,0,0,0,0,0,0]} 1. e4 e5 2. Nf3 Nc6 3. c3 Nf6 4. d4 exd4 5. e5 Ne4 6. Qe2 f5 7. exf6 d5 8. Nxd4 {C44: Ponziani Opening and Scotch Gambit} (8. Nbd2 Qxf6 9. Nxe4 dxe4 10. Qxe4+ Qe6 11. Bd3 Bd7 12. O-O O-O-O 13. Nxd4 Nxd4 14. cxd4 Qxe4 15. Bxe4 Bb5 16. Rd1 {1-0 (33) Muzychuk,M (2491)-Zhao,X (2579) Cap d'Agde 2013}) 8... Nxd4 9. cxd4 Bb4+ 10. Bd2 Bxd2+ 11. Nxd2 O-O 12. Nxe4 Re8 $1 {[%cal Re8e4] LiveBook: 3 Games} 13. O-O-O Rxe4 14. Qf3 {aiming for Bd3.} Qxf6 $146 ({Predecessor:} 14... Bg4 15. f7+ Kf8 {½-½ (25) Ebeling,G (1413)-Neppert,P (1515) Willingen 2017}) 15. Qxf6 gxf6 16. Bd3 Re8 17. Kd2 Bg4 18. f3 Bh5 19. Rde1 Bg6 20. Bxg6 hxg6 {[#]} 21. Rxe8+ $1 Rxe8 22. Re1 Rxe1 23. Kxe1 $16 {[%mdl 4096] Endgame KP-KP} a5 24. h4 b6 25. g4 ({White should try} 25. Kd2 $1 $14) 25... c5 $11 {The position is equal.} 26. b3 f5 (26... cxd4 $2 27. Ke2 $18) 27. Kd2 fxg4 28. fxg4 Kf7 29. Kc3 Ke6 30. Kd3 Kf6 31. Ke3 Kf7 32. Kf4 Kf6 (32... cxd4 $2 33. Kf3 $18) 33. a4 Ke6 $1 (33... cxd4 34. Kf3 $18) 34. h5 gxh5 35. gxh5 {[#] Hoping for Kg5.} Kf6 $1 36. Kg4 Kg7 $1 {[%cal Rg7h6]} ({But not} 36... cxd4 $2 37. Kf3 $18) 37. Kf4 $1 {[%cal Rf4e5] Threatens to win with Ke5.} Kf6 (37... cxd4 $2 38. Kf3 $18) (37... Kh6 $5 38. Ke5 $8 c4 39. bxc4 dxc4 $11) 38. Kg4 {And now Kf4 would win.} Kg7 $1 {[%cal Rg7h6] White must now prevent ...Kh6.} ({Don't blunder} 38... cxd4 $2 39. Kf3 $18) 39. Kf4 $1 {Precision: White = 87%, Black = 96%.} 1/2-1/2

[Event "49th CHN-ch 2018"]
[Site "Xinghua"]
[Date "2018.04.19"]
[Round "2"]
[White "Guo, Qi"]
[Black "Wang, Yu A"]
[Result "1-0"]
[WhiteElo "2381"]
[BlackElo "2337"]
[Annotator "TA"]
[PlyCount "97"]
[EventDate "2018.??.??"]
[EventCountry "CHN"]
[SourceTitle "playchess.com"]
[Source "ChessBase"]
[SourceQuality "1"]

{[%evp 22,97,15,0,25,0,0,0,0,0,25,18,25,18,20,30,31,9,10,24,6,17,51,0,10,0,0,0,0,0,8,0,0,0,10,6,81,85,77,14,28,25,20,12,76,76,118,103,164,164,172,174,241,152,393,381,408,327,408,181,401,394,372,351,785,973,470,470,1042,1235,5281,3984,5614,5478,4602,3469,1815,1712]} 1. d4 f5 2. c4 Nf6 3. g3 g6 4. Bg2 Bg7 5. Nf3 O-O 6. O-O d6 7. Nc3 c6 8. d5 e5 9. dxe6 Bxe6 10. Qd3 Nbd7 11. Bf4 {A88: Dutch Defence: Leningrad System: 5 Nf3 0-0 6 0-0 d6 7 Nc3 c6} Nb6 (11... d5 12. Ng5 dxc4 13. Qd6 Bf7 14. Ne6 Bxe6 15. Qxe6+ Kh8 16. Qxc4 Re8 17. Rad1 Qa5 18. b4 Qb6 {1-0 (35) Harikrishna,P (2727)-Mamedyarov,S (2765) Beijing 2014}) 12. b3 {LiveBook: 6 Games} ({Don't play} 12. Bxd6 Bxc4 13. Qd1 Re8 $17) 12... Ne4 13. Nxe4 $146 {White has an edge.} ({Find the theoretical novelty and annotate with similar games:} 13. Nd4 Nxc3 14. Nxe6 Qe7 15. Bd2 Qxe6 16. Bxc3 Bxc3 17. Qxc3 Qe5 18. Qb4 Qc5 {½-½ (46) Walczak,P (2469)-Tauber,H (2439) ICCF email 2009}) 13... fxe4 14. Qxe4 Bf5 15. Qe3 Bxa1 16. Rxa1 Qf6 17. Rd1 d5 18. Be5 Qe7 19. Qc1 dxc4 $1 20. Bb2 Rad8 21. Re1 Be4 22. bxc4 (22. Ng5 $14 Bxg2 23. Qc3) 22... Qb4 23. Ba3 $36 {[%mdl 2048] Black is under pressure.} Qxc4 24. Bxf8 Qxc1 $1 25. Rxc1 {[#] Strongly threatening Bc5.} Rxf8 26. Nd4 Bxg2 27. Kxg2 $11 {[%mdl 4096] Endgame KRN-KRN} Rd8 28. Nb3 Kf7 (28... Re8 $11 {keeps the balance.}) 29. Nc5 $16 Rd2 30. e4 ({White should play} 30. Kf3 $16) 30... Nd7 $11 {Threatens to win with ...Nxc5.} 31. Nxb7 Ne5 32. Rc3 Rxa2 (32... Ng4 $11 {remains equal.}) 33. Nd8+ $16 Kf6 34. Nxc6 Nxc6 (34... a5 $16) 35. Rxc6+ {KR-KR} Ke5 36. Rc7 Kxe4 (36... h5 $142) 37. Rxh7 $18 a5 $2 (37... Ke5 $16 {was called for.} 38. Kf3 Kf5) 38. h4 a4 39. Rf7 Ke5 40. g4 (40. Ra7 $142 Ra1 41. Ra6) 40... Rb2 $2 (40... a3 {is a better defense.} 41. Ra7 Ra1) 41. Ra7 Rb4 {[#]} 42. Kg3 $1 Rb3+ $2 (42... Ke6 43. h5 gxh5) 43. f3 {White is clearly winning.} a3 44. Ra6 Kd4 (44... Rb7 $142 45. Rxa3 Kf6) 45. Rxg6 Ke3 46. h5 Ke2 47. Rf6 Rb1 48. Re6+ Kd2 49. Ra6 {Precision: White = 53%, Black = 24%.} 1-0

[Event "49th CHN-ch 2018"]
[Site "Xinghua"]
[Date "2018.04.19"]
[Round "2"]
[White "Wang, Jue"]
[Black "Huang, Qian"]
[Result "*"]
[WhiteElo "2365"]
[BlackElo "2440"]
[Annotator "TA"]
[PlyCount "108"]
[EventDate "2018.??.??"]
[EventCountry "CHN"]
[SourceTitle "playchess.com"]
[Source "ChessBase"]
[SourceQuality "1"]

{[%evp 25,108,40,39,45,53,36,47,43,61,74,119,61,82,73,65,52,56,52,54,54,54,0,39,0,48,55,59,55,101,100,107,92,100,92,92,92,102,92,92,92,92,54,54,54,54,54,54,47,52,47,48,48,48,45,45,20,21,8,44,39,98,98,98,98,99,99,101,101,104,90,97,90,91,90,90,90,90,90,90,90,90,90,90,90,94]} 1. e4 c5 2. Nf3 d6 3. d4 cxd4 4. Nxd4 Nf6 5. Nc3 a6 6. Bg5 e6 7. f4 Qb6 8. Qd2 Nc6 9. Bxf6 {B97: Sicilian Najdorf: Poisoned Pawn} (9. O-O-O Qxd4 10. Qxd4 Nxd4 11. Rxd4 Be7 12. Na4 Nd7 13. Bxe7 Kxe7 14. Be2 b5 15. Nc3 Rb8 16. Rhd1 Rb6 17. a4 bxa4 18. Nxa4 Rc6 19. Nc3 {½-½ (31) Svidler,P (2740)-Bu,X (2695) Ningbo 2015}) 9... gxf6 10. Nb3 h5 11. Be2 h4 12. Rf1 Bd7 13. O-O-O O-O-O {LiveBook: 11 Games} 14. Kb1 Be7 {[#]} 15. Qd3 $146 ({Predecessor:} 15. Rf3 Kb8 16. a3 Na7 {½-½ (65) Groszpeter,A (2541)-Ilincic,Z (2464) Kecskemet 2010}) 15... Kb8 16. Qh3 Rc8 17. Bg4 Qd8 {[#]} 18. a3 (18. f5 $1 $16) 18... Rc7 19. Rd3 Qg8 20. Qf3 Qg7 21. Bh3 Na7 22. Nd4 Nc6 23. Nb3 Na7 $1 24. Nd4 Nc6 25. Nxc6+ Bxc6 26. f5 e5 27. Bg4 Rhc8 28. Rf2 {[%cal Bf1f2,Bf2d2,Bd2d1,Bd1e1][%mdl 32]} Qg5 29. h3 Bf8 30. Rfd2 Rd7 31. Nd5 Bxd5 32. Rxd5 ({But not} 32. exd5 Bh6 $15) 32... Rc6 33. Qd3 Bh6 34. Rd1 Qe3 35. c3 Qxd3+ 36. R5xd3 Kc7 37. Re1 Kd8 38. Bd1 Ke7 39. Bb3 Bf4 40. Bd5 Rc8 41. b4 Rg8 42. Re2 Rg3 (42... b6 $14) 43. Rxg3 $16 {White is better.} Bxg3 {[%mdl 4096] Endgame KRB-KRB} 44. Kc2 Kd8 45. Kd3 Kc7 46. a4 Kb8 47. a5 Ka7 48. Rb2 b6 49. axb6+ Kxb6 50. Ra2 Ra7 51. Ra5 Be1 52. Bc4 Bg3 53. Bb3 Be1 54. Rd5 Kc7 {Precision: White = 58%, Black = 64%.} *

[Event "49th CHN-ch 2018"]
[Site "Xinghua"]
[Date "2018.04.19"]
[Round "2"]
[White "Zhai, Mo"]
[Black "Liu, Manli"]
[Result "1-0"]
[WhiteElo "2310"]
[BlackElo "2183"]
[Annotator "TA"]
[PlyCount "65"]
[EventDate "2018.??.??"]
[EventCountry "CHN"]
[SourceTitle "playchess.com"]
[Source "ChessBase"]
[SourceQuality "1"]

{[%evp 22,65,2,13,60,64,77,47,60,70,100,57,62,72,72,61,115,35,120,121,156,157,169,161,156,160,173,147,195,185,197,179,261,254,247,225,418,398,539,538,724,716,1001,971,1119,1113]} 1. d4 Nf6 2. c4 e6 3. Nf3 d5 4. Bg5 Be7 5. Nc3 O-O 6. e3 h6 7. Bh4 b6 8. Be2 dxc4 9. Bxc4 Bb7 10. O-O Ne4 11. Bxe7 Qxe7 {D58: Queen's Gambit Declined: Tartakower Defence} 12. Rc1 {LiveBook: 9 Games} a6 13. Nxe4 Bxe4 {White is slightly better.} 14. Be2 (14. Bd3 $5 {[%cal Rd3e4]} Bd5 15. Ne5 $14) 14... Rc8 15. Ne5 Ra7 {[#]} 16. Qb3 $146 ({Predecessor:} 16. Bh5 g6 17. Bf3 Bxf3 18. Qxf3 c5 19. dxc5 {½-½ (28) Morovic Fernandez,I (2613)-Bruzon Batista,L (2488) Havana 1999}) 16... Qd6 17. Qa4 a5 18. a3 c6 (18... Bd5 $14) 19. Rc3 ({White should try} 19. f3 $16 Bh7 20. Rfd1) 19... f6 {[#]} (19... Nd7 $14) 20. Nc4 $1 $16 {[%cal Rc4d6]} Qd8 {[#] Threatens to win with ...b5.} 21. Qb3 $1 b5 {[#] Hoping for ...a4.} 22. Nb6 $1 {[%mdl 512]} Bd5 (22... Qxb6 23. Qxe6+) 23. Nxd5 (23. Nxc8 Bxb3 24. Nxa7 Bc4 $15) 23... exd5 24. e4 {Strongly threatening exd5.} Rcc7 25. Bf3 Kh8 26. exd5 cxd5 (26... a4 $142 27. Qa2 cxd5) 27. Rxc7 $18 ({Don't do} 27. Qxd5 $6 Qxd5 28. Bxd5 Rxc3 $16) (27. Bxd5 $6 b4 $18) 27... Rxc7 28. Qxb5 ({Don't take} 28. Bxd5 $6 Rd7 $16) 28... Rc4 $2 (28... Nc6 {was necessary.} 29. Bxd5 (29. Qxd5 Qxd5 30. Bxd5 Nxd4 $16) 29... Nxd4 30. Qxa5 Ne2+ 31. Kh1 Qc8) 29. Re1 Kh7 30. g3 {White is clearly winning.} Qc7 31. Bxd5 {Qe8 would kill now.} Rxd4 32. Be4+ g6 33. Qe8 {Precision: White = 72%, Black = 17%.} 1-0

[Event "49th CHN-ch 2018"]
[Site "Xinghua"]
[Date "2018.04.19"]
[Round "2"]
[White "Li, Xueyi"]
[Black "Zhu, Jiner"]
[Result "0-1"]
[WhiteElo "2275"]
[BlackElo "2313"]
[Annotator "TA"]
[PlyCount "76"]
[EventDate "2018.??.??"]
[EventCountry "CHN"]
[SourceTitle "playchess.com"]
[Source "ChessBase"]
[SourceQuality "1"]

{[%evp 20,76,0,-6,0,-8,0,-71,-55,-168,-162,-178,-175,-178,-156,-162,-162,-168,-129,-132,-114,-114,-114,-118,-115,-175,-144,-157,-156,-150,-155,-164,-172,-166,-136,-150,-139,-156,-137,-164,-154,-182,-191,-156,-170,-207,-212,-400,-348,-397,-360,-476,-491,-476,-464,-589,-562,-503,-477]} 1. d4 Nf6 2. c4 g6 3. g3 Bg7 4. Bg2 d6 5. Nc3 O-O 6. Nf3 Nc6 7. O-O Bf5 8. b3 e5 9. dxe5 {E62: King's Indian: Fianchetto: 6...c6 and Panno Variation (6...Nc6) without ...a6} (9. d5 Ne7 10. Nd2 e4 11. Bb2 e3 12. fxe3 Ng4 13. Rf3 Ne5 14. Rf1 Ng4 15. Rf3 Bd7 16. Kh1 Nf5 {0-1 (48) Halkias,S (2585)-Fressinet,L (2672) Doha 2016}) 9... dxe5 10. Ba3 Re8 11. Nh4 {LiveBook: 6 Games. The position is equal.} Bg4 12. h3 Bd7 13. Nd5 $146 (13. Qd2 $11 {keeps the balance.}) ({Find the theoretical novelty and annotate with similar games:} 13. Qd2 Qc8 14. Kh2 {½-½ (14) Kohlman,R (2300)-Blazek,M Trencin 1995}) 13... e4 $17 14. f4 ({Better is} 14. Qd2 $15) 14... Nh5 $19 15. Kh2 Nd4 ({Don't do} 15... Bxa1 16. Qxa1 Be6 17. Rd1 $15) 16. Bb2 {[#]} Nxg3 $1 {[%mdl 512]} 17. Kxg3 {[#]} Qxh4+ $1 18. Kh2 (18. Kxh4 {gets mated.} Nf5+ 19. Kg5 h6+ 20. Kg4 h5+ 21. Kg5 Bh6+ 22. Kf6 Re6#) 18... Nf5 19. Bxg7 Qg3+ 20. Kg1 Kxg7 21. Qe1 Rac8 22. Rd1 (22. Qxg3 $17 Nxg3 23. Rfd1) 22... Bc6 23. Qxg3 Nxg3 24. Rfe1 Bxd5 25. cxd5 Rcd8 26. e3 Rd6 27. Rd4 f5 28. Kf2 Nh5 29. Rc1 c6 30. Rb4 Re7 ({Resist} 30... cxd5 31. Rxb7+ Kh6 32. Rcc7 $17) 31. dxc6 bxc6 {aiming for ...Rd2+.} 32. Rc2 Red7 {...Rd2+ is the strong threat.} 33. Ke2 $2 (33. Re2) 33... Nf6 34. Rbc4 Rd3 35. Bf1 Nd5 {Black is clearly winning.} 36. Kf2 Rxe3 37. Rd4 Rf3+ 38. Ke1 {[#]} Rxf1+ $1 {Precision: White = 55%, Black = 86%.} 0-1

[Event "49th CHN-ch 2018"]
[Site "Xinghua"]
[Date "2018.04.19"]
[Round "2"]
[White "Ren, Xiaoyi"]
[Black "Ni, Shiqun"]
[Result "0-1"]
[WhiteElo "2263"]
[BlackElo "2444"]
[Annotator "TA"]
[PlyCount "64"]
[EventDate "2018.??.??"]
[EventCountry "CHN"]
[SourceTitle "playchess.com"]
[Source "ChessBase"]
[SourceQuality "1"]

{[%evp 22,64,6,0,-4,-17,-14,-8,-10,-43,-53,-88,-87,-88,-85,-89,-95,-87,-91,-78,-93,-122,-121,-127,-127,-128,-131,-131,-124,-138,-125,-124,-110,-153,-145,-208,-223,-409,-389,-389,-391,-343,-315,-29991,-29992]} 1. d4 Nf6 2. c4 g6 3. g3 c6 4. Bg2 d5 5. cxd5 cxd5 6. Nf3 Bg7 7. Nc3 O-O 8. Ne5 Bf5 9. O-O Ne4 10. Qb3 Nc6 {D79: Fianchetto Grünfeld: Symmetrical Variation (6 0-0 c6 7 cxd5 cxd5)} 11. Nxc6 bxc6 12. Nxe4 {LiveBook: 11 Games} dxe4 {The position is equal.} (12... Bxe4 13. Be3 Bxg2 14. Kxg2 c5 15. Rad1 c4 16. Qa3 Qd7 17. b3 Rfc8 18. Rc1 c3 19. Rfd1 Rc6 20. Rc2 Rac8 {½-½ (49) Ma,Q (2637)-Wei,Y (2727) China 2017}) 13. e3 Qd5 $146 ({Predecessor:} 13... Qd7 14. Qc2 Qe6 15. Bd2 Rab8 16. b4 g5 17. Rfc1 Rfc8 18. a4 {1-0 (44) Zimmermann,G-Bannasch,T Eppingen 1988}) 14. Qxd5 cxd5 15. Bd2 e5 16. Bc3 exd4 17. Bxd4 Bxd4 18. exd4 Rab8 19. b3 Rb4 20. Rfd1 Rc8 21. Rd2 Rc3 22. Bf1 a5 23. Be2 Bh3 24. Bf1 Bg4 25. Re1 Bd7 26. Kg2 g5 27. Be2 f5 {[%cal Bf7f5,Bf5f4,Bf4f3][%mdl 32]} 28. h3 (28. f3 $17) 28... f4 $19 29. Bg4 $2 {[#]} (29. Bf1 {keeps fighting.}) 29... Bxg4 30. hxg4 f3+ 31. Kf1 Rb6 32. Red1 $2 {[#]} (32. Rdd1 $19) 32... Rh6 {Precision: White = 42%, Black = 91%.} 0-1

[Event "49th CHN-ch 2018"]
[Site "Xinghua"]
[Date "2018.04.19"]
[Round "2"]
[White "Ning, Kaiyu"]
[Black "Gu, Tianlu"]
[Result "1-0"]
[WhiteElo "2176"]
[BlackElo "2171"]
[Annotator "TA"]
[PlyCount "89"]
[EventDate "2018.??.??"]
[EventCountry "CHN"]
[SourceTitle "playchess.com"]
[Source "ChessBase"]
[SourceQuality "1"]

{[%evp 27,89,10,12,20,21,20,47,45,90,80,81,89,86,65,72,72,110,105,130,77,145,129,147,147,173,126,127,135,182,208,192,207,208,207,200,204,216,211,231,208,238,217,354,202,352,341,362,356,438,435,422,402,402,253,515,507,1530,1530,1530,1530,1508,1501,1468,1381]} 1. d4 d5 2. c4 e6 3. Nf3 Nf6 4. Nc3 c6 5. e3 Nbd7 6. Bd3 Bd6 7. O-O O-O 8. Qc2 e5 9. cxd5 cxd5 10. Nb5 {D46: Semi-Slav: 5 e3 Nbd7 6 Bd3, Black avoids the Meran} (10. e4 exd4 11. Nxd5 Nxd5 12. exd5 h6 13. Nxd4 Qh4 14. Nf3 Qh5 15. Bh7+ Kh8 16. Qf5 Qxf5 17. Bxf5 Nf6 18. Bd3 Bg4 19. Rd1 Rac8 20. h3 Bxf3 21. gxf3 {½-½ (32) Wang,H (2690)-Ding,L (2759) China 2017}) 10... Bb8 11. dxe5 Nxe5 12. Nxe5 Bxe5 13. Bd2 a6 14. Bc3 Bxc3 {LiveBook: 6 Games} 15. Nxc3 d4 16. Ne4 {[#]} Nxe4 $146 ({Predecessor:} 16... g6 17. exd4 Qxd4 {½-½ (45) Vaibhav,S (2552)-Hovhannisyan,R (2624) Al Ain 2015}) 17. Bxe4 f5 18. Qb3+ Kh8 {[#]} 19. Bf3 $1 ({Don't go for} 19. Bxb7 $2 Rb8 $19) 19... dxe3 20. Qxe3 Qf6 21. b3 f4 22. Qc5 Rf7 23. Rad1 (23. Rfe1 $142 {White wants to mate with Re8+.} Bf5 24. Qb4) 23... Bf5 (23... b6 $142 24. Qa3 Bb7) 24. Rfe1 $16 Rc8 25. Qb4 g5 26. h3 Kg7 27. Bh5 Bg6 {[#]} 28. Rd6 $1 {[%cal Rd6f6]} Qc3 29. Qxc3+ Rxc3 30. Bxg6 hxg6 $18 {[%mdl 4096] Endgame KRR-KRR} 31. Ree6 Rc1+ 32. Kh2 Rc2 33. Rxg6+ Kf8 34. f3 ({Less strong is} 34. Rxg5 Rxf2 35. Rgg6 Rxa2 $14) 34... Rc5 (34... Rxa2 {is a better defense.} 35. Rxg5 Rb2) 35. Rd8+ Ke7 36. Rdg8 Rc2 37. Rb8 (37. Rxg5 Rxa2 38. R5g6 Kd7 $18) 37... Rxa2 38. Rxb7+ Kf8 39. Rb8+ Ke7 40. Rbb6 Rb2 $2 (40... Rf5 41. Rg7+ (41. Rxa6 Rxa6 42. Rxa6 Rb5 $18) 41... Kf8) 41. Rxg5 {White is clearly winning.} Rf6 (41... Rh7 $142 42. Rxa6 Rf7) 42. Rg7+ Kf8 43. Rxf6+ Kxg7 44. Rxa6 Rxb3 45. Ra4 {Precision: White = 93%, Black = 29%.} 1-0

[Event "49th CHN-ch 2018"]
[Site "Xinghua"]
[Date "2018.04.20"]
[Round "3"]
[White "Bai, Jinshi"]
[Black "Lu, Shanglei"]
[Result "1/2-1/2"]
[WhiteElo "2586"]
[BlackElo "2640"]
[Annotator "TA"]
[PlyCount "117"]
[EventDate "2018.??.??"]
[EventCountry "CHN"]
[SourceTitle "playchess.com"]
[Source "ChessBase"]
[SourceQuality "1"]

{[%evp 20,117,20,22,22,12,14,12,26,9,11,14,18,14,10,12,18,18,18,10,17,12,23,16,26,26,27,16,26,26,24,2,2,2,7,0,19,0,0,0,0,0,35,36,40,41,81,76,111,0,0,0,0,0,0,0,0,0,0,0,0,0,0,0,0,0,0,0,0,0,0,0,0,0,0,0,0,0,0,0,0,0,0,0,0,0,0,0,0,0,0,0,0,0,0,0,0,0,0,0]} 1. d4 Nf6 2. c4 e6 3. Nf3 d5 4. g3 Be7 5. Bg2 O-O 6. Nc3 dxc4 7. Ne5 c5 8. dxc5 Qxd1+ 9. Nxd1 {E06: Closed Catalan: Early deviations} Nbd7 (9... Bxc5 10. Nc3 Nc6 11. Nxc4 Bd7 12. O-O Rfd8 13. Rd1 Be8 14. Bf4 Rac8 15. Nd6 Bxd6 16. Bxd6 Na5 17. Bb4 Nc6 18. Ba3 Na5 19. Rxd8 Rxd8 20. b3 Bc6 {1-0 (54) Wang,Y (2690)-Kryvoruchko,Y (2689) Riadh 2017}) 10. Nxc4 Nxc5 11. Nc3 {LiveBook: 5 Games} Bd7 12. O-O Rac8 13. Ne5 Rfd8 14. Rd1 $146 ({Predecessor:} 14. Be3 b6 15. Rad1 Be8 16. Rxd8 Bxd8 {0-1 (91) Hartikainen,M (2341)-Kiuttu,R (2324) Finland 2013}) 14... Be8 15. Rxd8 Rxd8 16. Be3 b6 17. h3 Na4 18. Nxa4 Bxa4 19. Rc1 Bd6 20. Nc6 Bxc6 21. Bxc6 Nd5 22. Bxd5 exd5 $11 {[%mdl 4096] Endgame KRB-KRB} 23. Bd4 h5 24. Kg2 f6 25. g4 hxg4 26. hxg4 Kf7 27. e3 g5 28. a4 Ke6 29. a5 bxa5 30. Rc6 Rd7 31. Ra6 Kf7 32. f4 gxf4 33. exf4 f5 {[#]} 34. Kf3 ({Of course not} 34. Rxa5 $6 fxg4 35. Kg3 Ke6 $11) ({White must play} 34. g5 $1 $16) 34... fxg4+ {The position is equal.} 35. Kxg4 Be7 36. Kf5 Bd8 37. Rh6 a4 38. Rh7+ Ke8 39. Rh8+ Kf7 40. Rh7+ Ke8 41. Rh8+ Kf7 42. Bc5 d4 {[#] White must now prevent ...Kg7.} 43. Rh7+ Ke8 44. Rh8+ Kf7 45. Rh7+ Ke8 46. Rxd7 Kxd7 {KB-KB} 47. Ke4 a5 48. f5 Ke8 49. Kd3 Kf7 50. Kc4 Kf6 51. Bxd4+ Kxf5 52. Kb5 Ke4 53. Bc3 Kd3 {aiming for ...a3!} 54. Kxa4 Kc2 55. Bd4 Bg5 56. Kxa5 Bc1 57. b4 {Threatens to win with b5.} Bd2 58. Kb5 Bxb4 59. Kxb4 {Precision: White = 67%, Black = 76%.} 1/2-1/2